000 00541nmm a2200169Ia 4500
008 251105s9999||||xx |||||||||||||||||und||
020 _a849742106X
041 _aspa
100 _aVíctor Estalayo, Rosario Vega
245 0 _aLeer bien, al alcance de todos :
_b El método Dolman adaptado a la escuela
264 _a[Madrid, España] :
_bBiblioteca Nueva,
_c2003
300 _a272 páginas
490 _aBiblioteca de la nueva educación
650 _aEducation
856 _uhttps://public.digitaliapublishing.com/a/5528
942 _cCF
999 _c74072
_d74072